Normal view
MARC view
Entry Topical Term
001 - CONTROL NUMBER
- control field: 37435
003 - CONTROL NUMBER IDENTIFIER
- control field: ARRUPE
005 - DATE AND TIME OF LATEST TRANSACTION
- control field: 20171107124052.0
008 - FIXED-LENGTH DATA ELEMENTS
- fixed length control field: 171107|| aca||aabn | a|a d
040 ## - CATALOGING SOURCE
- Original cataloging agency: ARRUPE
- Transcribing agency: ARRUPE
150 ## - HEADING--TOPICAL TERM
- Topical term or geographic name as entry element: Political Science
670 ## - SOURCE DATA FOUND
- Source citation: Work cat.: (ARRUPE): Gramsci, Antonio 29740, The modern prince and other writings, 1957